000
00247nam a2200097Ia 4500
001
920104
005
20250826191402.0
008
250824s9999 xx 000 0 und d
245
0
_a
KURANI ANLAMADA BAĞLAM
_c
AHMET ÖZ
260
_b
HİKMETEVİ YAYINLARI
999
_c
920104
_d
920104